Měření složek radiační bilance a dlouhodobé změny globálního záření v České republice = Measurements of radiation balance components and long-term global solar radiation changes in the Czech Republic /

Hlavní autor: Vaníček, Karel
Další autoři: Dubrovská, Iveta, Metelka, Ladislav, 1958-, Pokorný, Jiří
Jazyk: Čeština
Vydáno: Praha : Český hydrometeorologický ústav, 2015
Vydání: 1. vydání
Témata:
Fyzický popis: 63 stran : ilustrace (převážně barevné), mapy ; 30 cm
Language note: Anglické resumé
Knihy
Uloženo v:
LEADER 02244nam a2200541 i 4500
001 nkc20162776931
003 CZ PrNK
005 20230319104246.0
007 ta
008 160209s2015 xr ab f 000 0 cze
015 |a cnb002776931 
020 |a 978-80-87577-51-6  |q (brožováno) 
035 |a (OCoLC)946294460 
040 |a BOA001  |b cze  |e rda 
041 0 |a cze  |b eng 
043 |a e-xr--- 
072 7 |a 551  |x Geologie. Meteorologie. Klimatologie  |2 Konspekt  |9 7 
080 |a 551.521.1  |2 MRF 
080 |a 551.501  |2 MRF 
080 |a (437.3)  |2 MRF 
080 |a (062.552)  |2 MRF 
100 1 |a Vaníček, Karel  |7 xx0166323  |4 aut 
245 1 0 |a Měření složek radiační bilance a dlouhodobé změny globálního záření v České republice =  |b Measurements of radiation balance components and long-term global solar radiation changes in the Czech Republic /  |c Karel Vaníček, Iveta Dubrovská, Ladislav Metelka, Jiří Pokorný 
246 3 1 |a Measurements of radiation balance components and long-term global solar radiation changes in the Czech Republic 
250 |a 1. vydání 
264 1 |a Praha :  |b Český hydrometeorologický ústav,  |c 2015 
300 |a 63 stran :  |b ilustrace (převážně barevné), mapy ;  |c 30 cm 
336 |a text  |b txt  |2 rdacontent 
337 |a bez média  |b n  |2 rdamedia 
338 |a svazek  |b nc  |2 rdacarrier 
500 |a 150 výtisků 
504 |a Obsahuje bibliografii 
546 |a Anglické resumé 
650 0 7 |a sluneční záření  |7 ph221956  |z Česko  |2 czenas 
650 0 7 |a meteorologická měření  |7 ph162494  |z Česko  |2 czenas 
650 0 9 |a solar radiation  |z Czechia  |2 eczenas 
650 0 9 |a meteorological measurements  |z Czechia  |2 eczenas 
655 7 |a sborníky  |7 fd163935  |2 czenas 
655 9 |a papers  |2 eczenas 
700 1 |a Dubrovská, Iveta  |7 hka20201085933  |4 aut 
700 1 |a Metelka, Ladislav,  |d 1958-  |7 ola2006323567  |4 aut 
700 1 |a Pokorný, Jiří  |4 aut 
787 0 8 |i Monografické číslo seriálu:  |t Sborník prací Českého hydrometeorologického ústavu  |x 0232-0401  |g 61 (2015) 
910 2 |a BOA001  |b 4-1360.753 
990 |a BK 
995 |a 01 
991 |b 201602  |c NOV 
996 6 |b 2610660644  |c 4-1360.753  |l MZK  |r Sklad / do 1 hodiny  |n 1  |p p.v.  |w 001546679  |u 000010  |a 1  |e BOA001  |j MZK50  |s P